Prénoms de stars - Série 04 - Statistiques

Statistiques générales
  • Ce quiz a été pris 279 fois
  • Le résultat moyen est 6 sur 10
Statistiques - réponses
Nom Prénom % Correct
Reno Jean
99%
Canet Guillaume
92%
Serrault Michel
78%
Magimel Benoït
72%
Berry Richard
69%
Elbaz Vincent
60%
Vanel Charles
38%
Dufilho Jacques
36%
Ceccaldi Daniel
33%
Bussières Raymond
18%
Aucun quiz correspondant
Distribution des résultats
% des personnes avec chaque résultat
Percentile par nombre de réponses
Votre historique - résultats
Vous n’avez pas pris ce quiz